Music Quiz

Random Music or Bands Quiz

Album Cover Mashups Quiz Stats

Quiz Updated Nov 3, 2015

Challenge
Share
Tweet
Score 0/15 Timer 05:00
7 Plays Today
% Correct
Nirvana
93.8%
The White Stripes
89.6%
Led Zeppelin
69.1%
Pink Floyd
67.7%
Weezer
66.7%
Oasis
62.8%
Metallica
55.8%
U2
52.6%
% Correct
Pearl Jam
52.2%
Radiohead
48.1%
Red Hot Chili Peppers
48%
R.E.M.
38.7%
Talking Heads
38.1%
The Beach Boys
37.7%
The Smiths
33.9%

You're not logged in!

Compare scores with friends on all Sporcle quizzes.
Sign Up with Email
OR
Log In

You Might Also Like...

Show Comments

Extras

Top Quizzes Today


Score Distribution

Your Account Isn't Verified!

In order to create a playlist on Sporcle, you need to verify the email address you used during registration. Go to your Sporcle Settings to finish the process.